000 00965nac a22003610a 4500
001 PT33086
003 AR-LpoUNG
005 20210201005308.0
008 201001s1986||||sp |||||||||||||||||spa d
020 _a8434582260
_c$91
040 _aAR-LpoUNG
_bspa
_eaacr
041 _aspa
044 _asp
082 0 _a500.8 467v1
100 1 _aHeims, Steve J.
245 1 0 _aJohn von Neumann y Norbert Wiener
250 _a1§ edición
260 _aBarcelona :
_bSalvat,
_c1986.
300 _a197 p. :
_bil.
_a(2
_fVolúmenes)
_3Impreso
490 0 _aJohn von Neumann y Norbert Wiener
650 4 _aASPECTOS POLITICOS
650 4 _aBIOGRAFIAS
650 4 _aCIBERNETICA
650 4 _aCIENCIA
650 4 _aMATEMATICAS
650 4 _aTEORIA DE LOS JUEGOS
651 4 _aDOCUMENTOS TEORICOS O METODOLOGICOS
653 _aMACANICA CUANTICA
653 _aTEORIA DE LA PREDICCION
700 1 _aAbejon, Manuel
_epról.
905 _a33086
942 _cLIB
999 _c49049
_d49049